| 000 | 00558nam a22001937a 4500 | ||
|---|---|---|---|
| 003 | OSt | ||
| 005 | 20250731143145.0 | ||
| 008 | 250731b |||||||| |||| 00| 0 eng d | ||
| 020 | _a9781412953863 | ||
| 040 | _cChuka University Library | ||
| 050 |
_aLB 1029 _b.R4B49 2007 |
||
| 100 |
_aBender. W N, _920754 |
||
| 245 | _aResponse To Intervention a Practical Guide For Every Teacher | ||
| 260 |
_aLondon _bCorwin Press _c2007 |
||
| 300 |
_a147 P. _bIncludes Index |
||
| 650 |
_aRemedial Teaching _920755 |
||
| 700 |
_aShores, C. _920756 |
||
| 942 |
_2lcc _cBK _n0 |
||
| 999 |
_c20078 _d20078 |
||